Microsoft Visual Basic for Applications and shared libraries references /
Colección de seis sobre programación del paquete Office 2000, de Microsoft a partir de aplicaciones en Visual Basic. El primer volumen trata sobre la creación y manejo de bases de datos, así como la manera de compartir esa información de manera local o a distancia; el segundo, sobre la programación...
Shranjeno v:
| Format: | Knjiga |
|---|---|
| Jezik: | angleščina |
| Izdano: |
Redmond, EUA :
Microsoft,
1999, c1999
|
| Serija: | (Microsoft Office 2000 Visual Basic Language Reference ;
5) |
| Teme: | |
| Oznake: |
Brez oznak, prvi označite!
|
MARC
| LEADER | 00000nam^a2200000^a^4500 | ||
|---|---|---|---|
| 001 | 000103453 | ||
| 005 | 20250521000000.0 | ||
| 009 | 20260310093348.418 | ||
| 020 | |a 1-57231-955-0 | ||
| 037 | |a Acervo ITESO - Biblioteca | ||
| 041 | |a ING | ||
| 082 | |a 005. 133 |b MIC V. 5 | ||
| 245 | 1 | 0 | |a Microsoft Visual Basic for Applications and shared libraries references / |
| 264 | 4 | |a Redmond, EUA : |b Microsoft, |c 1999, c1999 | |
| 300 | |a 1199 p. | ||
| 336 | |a texto |b txt |2 rdacontenido | ||
| 337 | |a sin mediación |b n |2 rdamedio | ||
| 338 | |a volumen |b nc |2 rdasoporte | ||
| 440 | 1 | |a (Microsoft Office 2000 Visual Basic Language Reference ; |v 5) | |
| 520 | |a Colección de seis sobre programación del paquete Office 2000, de Microsoft a partir de aplicaciones en Visual Basic. El primer volumen trata sobre la creación y manejo de bases de datos, así como la manera de compartir esa información de manera local o a distancia; el segundo, sobre la programación de Excel; el tercero, sobre la programación de Word; el cuarto es una guía para PowerPoint, Outlook y FrontPage; el quinto es un manual de referencia sobre Visual Basic para aplicaciones y sobre Office; el sexto volumen aborda las maneras de compartir información a través del Web o una intranet. | ||
| 649 | |a XX | ||
| 650 | |a Lenguajes de Programación | ||
| 650 | |a Programación (Software) | ||
| 650 | |a Programación Orientada a Objetos | ||
| 650 | |a Paquetes (Software) | ||
| 650 | |a Proceso Electrónico de Datos | ||
| 650 | |a Ingeniería Computacional | ||
| 910 | |a Fondo General | ||
| 920 | |a Impresos - Libros | ||
| 930 | |a Colección General | ||
| 905 | |a 101 | ||
| 901 | |a 0500038567 |b IT1 |c ACC |u 20250521 | ||
| 902 | |a https://opac.biblio.iteso.mx/vufind/Record/000103453 | ||